000 00896nam a2200253 i 4500
001 136818
003 ES-MaACL
005 20240112171537.0
007 t|
008 070214s2016 sp a c 00110dspa d
020 _a978-84-92543-84-7
080 _a7:069.5
110 2 _aFundación Banco Santander.
_9147458
245 1 0 _aColección Banco Santander /
_c[textos, Alicia Chillida ... et al.].
260 _a[Madrid] :
_bFundación Banco Santancer,
_c[2016]
300 _a407 p. :
_bprincipalmente il. col. ;
_c32 cm +
_e1 póster col. pleg.
597 _aEl póster es la sobrecubierta.
610 2 4 _aFundación Banco Santander-
_xColecciones de arte.
_9173164
650 4 _aArte-
_xColecciones-
_zEspaña.
_9171085
700 1 _aChillida, Alicia.
_9173165
852 4 _aES-MaACL
_jA-14703
_9141759
_bR.151813
_cDEPO1
_dOlim: N-7703
942 _2udc
_cMONOGRAFIA
999 _c136818
_d136818